| 000 | 00697nam a2200229Ia 4500 | ||
|---|---|---|---|
| 003 | PILC | ||
| 005 | 20160601143432.0 | ||
| 008 | 140312s9999 xx 000 0 und d | ||
| 020 | _a9780495501572 | ||
| 050 |
_aBC 177 _b.R324 2012 |
||
| 100 | _aRainbolt, George W. | ||
| 245 |
_aCritical thinking : _bthe art of argument / _cGeorge W. Rainbolt & Sandra L. Dwyer. |
||
| 250 | _a1st edition. | ||
| 260 |
_aMassachusetts : _bWadsworth Cengage Learning, _c2012. |
||
| 300 |
_a436 pages : _bcolor illustrations ; _c26 cm. |
||
| 500 | _aIncludes bibliographic references. | ||
| 650 | _aCritical thinking. | ||
| 650 | _aLogic. | ||
| 650 | _aReasoning. | ||
| 942 |
_kFOR _cBK _2lcc |
||
| 999 |
_c25828 _d25828 |
||